Annual survey of industries (Record no. 447254)

000 -LEADER
fixed length control field 00463ngm a2200121 454500
008 - FIXED-LENGTH DATA ELEMENTS--GENERAL INFORMATION
fixed length control field 180718b-- xxu||||| |||| 00| 0 eng d
082 ## - DEWEY DECIMAL CLASSIFICATION NUMBER
Classification number T2068x54 EP91/1973-74-1997-98
245 ## - TITLE STATEMENT
Title Annual survey of industries
Statement of responsibility, etc. by EPW Research Foundation
260 ## - PUBLICATION, DISTRIBUTION, ETC.
Place of publication, distribution, etc. Mumbai
Name of publisher, distributor, etc. EPW Research Foundation
Date of publication, distribution, etc. --
500 ## - GENERAL NOTE
General note Library has 1973-73 to 1997-98. 2002. 1167p.;1973-74 to 2003-04, volume 2. 2007
650 ## - SUBJECT ADDED ENTRY--TOPICAL TERM
Topical term or geographic name entry element Industrial surveys - India
700 ## - ADDED ENTRY--PERSONAL NAME
Personal name India. EPW Research Foundation
Holdings
Withdrawn status Lost status Damaged status Not for loan Permanent Location Current Location Date acquired Full call number Barcode Date last seen Price effective from Koha item type
        Indian Institute of Public Administration Indian Institute of Public Administration 2010-07-09 T2068x54 EP91/1973-74-1997-98 CD961 2018-07-21 2018-07-21 CD

Powered by Koha